000 00502nam a2200169 a 4500
001 000036457
005 20200930075736.0
008 120118s1975 sp 000 0 spa d
020 _a8432202827
040 _aDO-SdBNP
_bspa
_cBNPHU
082 _axxx
_bC117o
100 1 _aCabrera Infante, Guillermo
_947867
245 1 0 _aO /
_cGuillermo Cabrera Infante.
260 _aBarcelona :
_bSeix Barral,
_c1975.
300 _a196 p ;
_c21 cm.
500 _aIncluye datos biográficos del autor en la contraportada
999 _c35948
_d35948